| 000 | 01103namaa2200229 i 4500 | ||
|---|---|---|---|
| 001 | 174169 | ||
| 003 | ES-MaACL | ||
| 005 | 20250815105806.0 | ||
| 008 | 100301s1923 sp | |||| ||spa d | ||
| 040 |
_aSpMaBN _bspa _cSpMaBN _erdc |
||
| 080 | _a56(460.33)"6152" | ||
| 100 | 1 |
_aJiménez de Cisneros, Daniel. _9142208 |
|
| 245 | 1 | 3 |
_aLa fauna de los estratos de "Pygope Aspasia" Menegh. del Liásico Medio del Rincón de Egea en el NW. de la provincia de Murcia / _cpor Daniel Jiménez de Cisneros. |
| 260 |
_aMadrid : _bJunta para Ampliación de Estudios e Investigaciones Científicas, _c1923 ( _fJiménez y Molina Imp.) |
||
| 300 |
_a55 p., VI h. de lám. : _bil. ; _c23 cm. |
||
| 490 | 1 |
_aTrabajos del Museo Nacional de Ciencias Naturales. Serie geológica ; _v30 |
|
| 650 | 4 |
_aPaleontología- _zMurcia (Comunidad Autónoma) _9142260 |
|
| 710 | 2 |
_aJunta para la Ampliación de Estudios e Investigaciones Científicas. _95413 |
|
| 830 | 0 | 0 |
_aTrabajos del Museo Nacional de Ciencias Naturales. _pSerie geológica _v30 _9189286 |
| 852 |
_aES-MaACL _jB-13131(1) |
||
| 999 |
_c174169 _d174169 |
||